Southville International School and Colleges
Your cart is empty.
  • Cart
  • Lists
    Public lists Eva Luna New books Lux_list list_1
    Your lists Log in to create your own lists
  • Log in to your account
  • Your cookies
  • Search history
Southville International School and Colleges
  • Advanced search
  • Recent comments
  • Most popular
  • Libraries

Log in to your account

Log in with GOOGLE


If you do not have an external account, but do have a local account, you can still log in:

  1. Home
  2. MARC view: Maya-maya jumbolaya : the big bad bully bird
Normal view MARC view ISBD view

Maya-maya jumbolaya : the big bad bully bird (Record no. 365561)

[ view plain ]
MARC details
000 -LEADER
fixed length control field 00520nam a22001697a 4500
003 - CONTROL NUMBER IDENTIFIER
control field 0
005 - DATE AND TIME OF LATEST TRANSACTION
control field 20231211121509.0
008 - FIXED-LENGTH DATA ELEMENTS--GENERAL INFORMATION
fixed length control field 231104b xxu||||| |||| 00| 0 eng d
020 ## - INTERNATIONAL STANDARD BOOK NUMBER
International Standard Book Number 971-630-140-5
050 ## - LIBRARY OF CONGRESS CALL NUMBER
Classification number Fil.
Item number Ma11 2001
100 ## - MAIN ENTRY--PERSONAL NAME
Personal name Jimenez, Gidget
245 ## - TITLE STATEMENT
Title Maya-maya jumbolaya : the big bad bully bird
Statement of responsibility, etc Gidget R. Jimenez
260 ## - PUBLICATION, DISTRIBUTION, ETC. (IMPRINT)
Place of publication, distribution, etc Manila
Name of publisher, distributor, etc Tahanan Books for Young Readers
Date of publication, distribution, etc c2001.
300 ## - PHYSICAL DESCRIPTION
Extent 25 pages :
Other physical details colored illustrations ;
Dimensions 21 cm.
650 ## - SUBJECT ADDED ENTRY--TOPICAL TERM
Topical term or geographic name as entry element Children's literature.
942 ## - ADDED ENTRY ELEMENTS (KOHA)
Source of classification or shelving scheme Library of Congress Classification
Koha item type Filipiniana
Holdings
Withdrawn status Lost status Source of classification or shelving scheme Damaged status Home library Current library Shelving location Date acquired Source of acquisition Total Checkouts Full call number Barcode Date last seen Price effective from Koha item type
    Library of Congress Classification   Munich Library Munich Library Filipiniana Section 11/04/2023 Library Fund   Fil. Ma11 2001 M8037 11/04/2023 11/04/2023 Books

Maya-maya jumbolaya : the big bad bully bird

APA

Jimenez G., . (2001). Maya-maya jumbolaya : the big bad bully bird. Manila: Tahanan Books for Young Readers.

Chicago

Jimenez Gidget, . 2001. Maya-maya jumbolaya : the big bad bully bird. Manila: Tahanan Books for Young Readers.

Harvard

Jimenez G., . (2001). Maya-maya jumbolaya : the big bad bully bird. Manila: Tahanan Books for Young Readers.

MLA

Jimenez Gidget, . Maya-maya jumbolaya : the big bad bully bird. Manila: Tahanan Books for Young Readers. 2001.

  • Place hold
  • Print
  • Cite
  • Add to your cart (remove)
  • Save record
    BIBTEX Dublin Core MARCXML MARC (non-Unicode/MARC-8) MARC (Unicode/UTF-8) MARC (Unicode/UTF-8, Standard) MODS (XML) RIS
  • More searches
    Search for this title in:
    Other Libraries (WorldCat) Other Databases (Google Scholar) Online Stores (Bookfinder.com) Open Library (openlibrary.org)

Exporting to Dublin Core...

SOUTHVILLE LIBRARY

Southville International School and Colleges Library

1281 Tropical Ave. Cor. Luxembourg St., BF Homes International, Las Pinas City

Tel. No. 8256374 / 252358 Loc. 117/146

Powered by Koha